Ending the cold war

محفوظ في:
التفاصيل البيبلوغرافية
المؤلف الرئيسي: Ullman, Richard
التنسيق: نص
منشور في: s.l.: s.e.
الوسوم: إضافة وسم
لا توجد وسوم, كن أول من يضع وسما على هذه التسجيلة!

MARC

LEADER 00000 a a2200000 04500
001 25143
003
040
090 |a 182000  
100 |a Ullman, Richard  
245 |a Ending the cold war  
260 |a s.l.:   |b s.e.  
300 |a 11 p.  
999 |c 13723  |d 13723